Low carbon buildings programme (Record no. 120538)

MARC details
000 -LEADER
fixed length control field 01087cam a2200181 4500
001 - CONTROL NUMBER
control field ##L135598
008 - FIXED-LENGTH DATA ELEMENTS--GENERAL INFORMATION
fixed length control field 061113n 000 0 eng u
035 ## - SYSTEM CONTROL NUMBER
System control number (Sirsi) u135598
041 0# - LANGUAGE CODE
Language code of text/sound track or separate title RUR
110 1# - MAIN ENTRY--CORPORATE NAME
Corporate name or jurisdiction name as entry element United Kingdom
Subordinate unit Department of Trade and Industry
245 00 - TITLE STATEMENT
Title Low carbon buildings programme
520 ## - SUMMARY, ETC.
Summary, etc. Website for phase one of the DTI's low carbon buildings programme, which will provide grants for microgeneration technologies to householders, community organisations, schools, and the public. Explains how householders and community organisations can apply for a low carbon buildings grant and outlines the microgeneration technologies. Also provides information and resources to help plan a microgeneration project, including accredited installers and products, latest news, and useful links.
590 ## - LOCAL NOTE (RLIN)
Local note KA
651 #4 - SUBJECT ADDED ENTRY--GEOGRAPHIC NAME
Geographic name United Kingdom
Chronological subdivision
690 ## - LOCAL SUBJECT ADDED ENTRY--TOPICAL TERM (OCLC, RLIN)
Topical term or geographic name as entry element ENVIRONMENTAL AND LAND CONSULTANCY-ENERGY-ENERGY USE-ENERGY EFFICIENCY
856 40 - ELECTRONIC LOCATION AND ACCESS
Uniform Resource Identifier <a href="https://www.lowcarbonbuildings.org.uk/home">https://www.lowcarbonbuildings.org.uk/home</a>
Public note View the website free of charge at www.lowcarbonbuildings.org.uk...
942 ## - ADDED ENTRY ELEMENTS (KOHA)
Suppress in OPAC 0
Holdings
Withdrawn status Lost status Source of classification or shelving scheme Damaged status Not for loan Home library Current library Shelving location Date acquired Total Checkouts Full call number Barcode Date last seen Copy number Price effective from Koha item type
    Dewey Decimal Classification     Virtual Virtual Online 13/11/2006   WEB SITE 135598-2001 06/08/2019 1 06/08/2019 Online material